Effect of the cation on the anion structure in mixed bis(di-n-propylammonium) and bis(di-n-butylammonium) tetrahalocuprates (II)

Bibliographic Details
Main Authors: Tomovič, J. (Author), Biela, Zuzana, 1941- (Author), Gažo, Ján, 1929-1983 (Author)
Format: Article
Language:Slovak
English
PhysicalDescription:Tb. 2. Obr. 3. Res. rus., lit. 21 zázn. v angl.
Subjects:

MARC

LEADER 00000nab a2200000 a 4500
001 vtls000190466
003 SK-MaSNL
005 20260304074348.0
008 250422c1984 xo 0 slo
015 |a SNBRB19rr/mm-uuuuu 
035 |a CL0200579 
035 |a urn:nbn:sk:snk-ab7k43 
035 |a (urnnbn)urn:nbn:sk:snk:ar-005zp1 
035 |a (uuid)42f557a9-2de8-47d5-82ba-d29c14698ca6 
040 |a SNKBUCL  |b slo  |c SNKBUCL  |e AACR2 
041 0 |a eng 
044 |a xo  |c SK 
080 |a 547  |2 1981 
080 |a 541.2  |2 1981 
100 1 |a Tomovič, J.  |4 aut  |9 1363843 
245 1 0 |a Effect of the cation on the anion structure in mixed bis(di-n-propylammonium) and bis(di-n-butylammonium) tetrahalocuprates (II)  |c J. Tomovič, Z. Biela, J. Gažo 
300 |b Tb. 2. Obr. 3. Res. rus., lit. 21 zázn. v angl. 
650 0 7 |a tetrahalokupráty  |2 snkbucl  |9 1363844 
655 7 |a články z novín a časopisov  |2 snkbucl  |9 267496 
700 1 |a Biela, Zuzana,  |d 1941-  |4 aut  |9 220712 
700 1 |a Gažo, Ján,  |d 1929-1983  |4 aut  |9 186795 
773 0 |t Chemické zvesti  |g Roč. 38, č. 1 (1984), s. 75-83 
850 |a Slovenská národná knižnica 
852 |a Slovenská národná knižnica 
958 |a article7 
958 |a NB 
958 |a RK 
958 |a OND 
958 |a EUIPO 
992 |a RBX 
999 |c 2775921  |d 2777851